Faculty of Law Library — Cairo University

Official Online Catalog

الأصول في التنازع الدولي للقوانين / (Record no. 61408)

MARC details
000 -LEADER
fixed length control field 01054nam a2200301 i 4500
003 - CONTROL NUMBER IDENTIFIER
control field EG-GICUC
005 - DATE AND TIME OF LATEST TRANSACTION
control field 20260221192015.0
008 - FIXED-LENGTH DATA ELEMENTS--GENERAL INFORMATION
fixed length control field 260206s2008 ua ||||fr ||| 00| 0 ara d
017 ## - COPYRIGHT OR LEGAL DEPOSIT NUMBER
Copyright or legal deposit number 1518/2008
040 ## - CATALOGING SOURCE
Original cataloging agency EG-GICUC
Transcribing agency EG-GICUC
Modifying agency EG-GICUC
Description conventions rda
Language of cataloging ara
041 0# - LANGUAGE CODE
Language code of text/sound track or separate title ara
082 04 - DEWEY DECIMAL CLASSIFICATION NUMBER
Edition number 21
Classification number 341.84
Item number أ ح . أ
092 04 - LOCALLY ASSIGNED DEWEY CALL NUMBER (OCLC)
Edition number 21
099 ## - LOCAL FREE-TEXT CALL NUMBER (OCLC)
Classification number Law1 12 341.84 أ ح . أ 2008
100 1# - MAIN ENTRY--PERSONAL NAME
Personal name أحمد عبدالكريم سلامة
Relator term مؤلف.
245 12 - TITLE STATEMENT
Title الأصول في التنازع الدولي للقوانين /
Statement of responsibility, etc. أحمد عبدالكريم سلامة .
264 #0 - PRODUCTION, PUBLICATION, DISTRIBUTION, MANUFACTURE, AND COPYRIGHT NOTICE
Place of production, publication, distribution, manufacture مصر :
Name of producer, publisher, distributor, manufacturer دار النهضة العربية ,
Date of production, publication, distribution, manufacture, or copyright notice 2008 .
300 ## - PHYSICAL DESCRIPTION
Extent 1289 صفحة ؛
Dimensions 30 سم.
336 ## - CONTENT TYPE
Content type term text
Source rda content
337 ## - MEDIA TYPE
Media type term Computer
Source rda media
338 ## - CARRIER TYPE
Carrier type term Online Resource
Source rda carrier
546 ## - LANGUAGE NOTE
Language note النص باللغة العربية
650 04 - SUBJECT ADDED ENTRY--TOPICAL TERM
Topical term or geographic name entry element القانون الدولي الخاص
650 04 - SUBJECT ADDED ENTRY--TOPICAL TERM
Topical term or geographic name entry element تنازع القوانين
856 ## - ELECTRONIC LOCATION AND ACCESS
Uniform Resource Identifier <a href="https://fll.law.cu.edu.eg/fulltext/th/B12-02520.pdf">https://fll.law.cu.edu.eg/fulltext/th/B12-02520.pdf</a>
905 ## - Cataloger and Reviser Names
Cataloger Name: Logain Ashraf
942 ## - ADDED ENTRY ELEMENTS (KOHA)
Source of classification or shelving scheme Dewey Decimal Classification
Koha item type Books
Edition 21
Suppress in OPAC No
Holdings
Withdrawn status Lost status Source of classification or shelving scheme Damaged status Not for loan Collection Home library Current library Date acquired Total checkouts Full call number Barcode Date last seen Copy number Price effective from Koha item type
    Dewey Decimal Classification   Not for loan القانون الدولي الخاص جــــامعة القــاهرة مكتبة كلية الحقوق - المبنى الرئيسي 06.02.2026   Law1 12 341.84 أ ح . أ 1202520 2008 C1 B12-02520 06.02.2026 1 06.02.2026 Books

© All rights reserved — Faculty of Law, Cairo University